000 00659npc a2200205Ia 4500
001 db5-1324 [d000001286]
003 IT-MiCISF
008 161014s9999||||xx | und||
040 _aIT-MiCISF
_cIT-MiCISF
041 _ait
100 _aCasini Carlo
245 0 _aCultura e servizi per la vita nascente
_bNella città dell'uomo a servizio della vita, convegno regionale per i cristiani impegnati nel sociale..., Brescia 12/12/92
250 _a1a ed.
260 _aBrescia
_c1992
300 _app. 7
500 _a / diritto-alla-vita, aborto, cultura, prevenzione, servizi /
650 _aaborto
942 _cDD
957 _71
999 _a1324
_bsi
_g1
_c208389
_d208389